| 000 | 00563nam a2200181Ia 4500 | ||
|---|---|---|---|
| 008 | 100920s9999 xx 000 0 und d | ||
| 082 |
_b9883 _a491.462 थ 44 |
||
| 100 | _aओक शामराव. | ||
| 245 | _aभिडस्त माणूस. | ||
| 260 |
_bशेठ हिरजी मोहनजी,मुंबई. _c1944 |
||
| 300 |
_a151 _bसाधी |
||
| 365 | _b3 | ||
| 520 | _aनाटक. | ||
| 630 | _aभिडस्त माणूस. | ||
| 650 | _aनाटक. | ||
| 730 | _aभिडस्त माणूस. | ||
| 942 | _cBOOK | ||
| 999 |
_c676557 _d676554 |
||